Právna úprava organizačných foriem podnikania študijný text

Salvato in:
Dettagli Bibliografici
Autore principale: Boka, Pavel
Natura: Libro
Lingua:slovacco
Pubblicazione: Bratislava ÚĎVEM EU 1996
Serie:Manažment malého a stredného podnikania
Soggetti:
Tags: Aggiungi Tag
Nessun Tag, puoi essere il primo ad aggiungerne!!

MARC

LEADER 00000nam a2200000 4500
001 c102667
005 20240422122235.8
020 |a 80-225-0761-X 
041 0 |a slo 
044 |a SK 
245 1 0 |a Právna úprava organizačných foriem podnikania  |b študijný text  |c Pavel Boka 
264 1 |a Bratislava  |b ÚĎVEM EU  |c 1996 
300 |a 78 s. 
490 1 |a Manažment malého a stredného podnikania 
830 0 |a Manažment malého a stredného podnikania 
610 2 0 |a podnikanie 
610 2 0 |a úpravy právne 
610 2 0 |a osoby fyzické 
610 2 0 |a osoby právnické 
610 2 0 |a združenia občianske 
610 2 0 |a združenia podnikov 
610 2 0 |a spoločnosti obchodné 
610 2 0 |a družstvá 
610 2 0 |a cudzinci 
100 1 |a Boka, Pavel